| 000 | 00409nam a2200157Ia 4500 | ||
|---|---|---|---|
| 999 |
_c10849 _d10849 |
||
| 008 | 191201s2011 xx 000 0 und d | ||
| 082 |
_a746.92 _bMCI |
||
| 100 | _aMCKELVEY, Kathryn | ||
| 245 | 0 | _aIllustrating Fashion | |
| 250 | _a2nd | ||
| 260 |
_aNew delhi _bBlackwell Pub. _c2008 |
||
| 300 | _a266 | ||
| 650 | _aBachelor of Fashion and Apparel Design | ||
| 700 | _aMUNSLOW, Janine | ||
| 942 |
_2ddc _cBK _02 |
||